|
|
|
|
| LEADER |
00000ny a22000003n 4500 |
| 005 |
20110616104627.0 |
| 008 |
030114s2001 sp 000 0 spa c |
| 017 |
|
|
|a D.L.Z.12-2001
|
| 020 |
|
|
|a 8476986114
|
| 035 |
|
|
|a 192
|
| 040 |
|
|
|a UMA.DER
|d vLex
|
| 040 |
|
|
|a UMA.RE
|d vLex
|
| 080 |
|
|
|a 343.28/29(460)(0.034)
|
| 090 |
|
|
|c 749
|d 749
|
| 100 |
1 |
|
|a Molina Fernǹdez, Fernando
|d 1958-
|
| 245 |
1 |
0 |
|a Antijuridicidad penal y sistema del delito
|h [Recurso electrn̤ico]
|c Fernando Molina Fernǹdez
|
| 256 |
|
|
|a Servicio en ln̕ea
|
| 260 |
|
|
|a Barcelona :
|b Bosch,
|c 2001
|
| 300 |
|
|
|a 901 p. ;
|c 24 cm
|
| 490 |
1 |
|
|a Biblioteca de Derecho Penal
|
| 506 |
1 |
|
|a Contenido solo disponible en los productos indicados
|d vLex Global
|d vLex Global (Academic Edition, excluding Law Schools)
|d vLex Global (U.S. Academic Edition, Law Schools)
|d vLex Global (U.S. Academic Edition, excluding Law Schools)
|d vLex Global (Academic Edition, Law Schools)
|
| 650 |
0 |
7 |
|a Penal
|2 Tesauro vLex
|
| 650 |
0 |
7 |
|a Delito
|2 Tesauro vLex
|
| 650 |
0 |
7 |
|a Antijuridicidad
|2 Tesauro vLex
|
| 650 |
0 |
7 |
|a Delitos
|2 Tesauro vLex
|
| 740 |
0 |
|
|a vLex Libros (Servicios en ln̕ea)
|
| 830 |
|
0 |
|a Biblioteca de Derecho Penal (Librera̕ Bosch)
|
| 856 |
4 |
0 |
|u http://vlex.com/source/192
|z Acceso restringido
|
| 942 |
|
|
|c BOOK
|
| 999 |
0 |
|
|a Criminal Law
|b Barcelona
|